| 000 | 00397 a2200169 4500 | ||
|---|---|---|---|
| 001 | 73193 | ||
| 020 | _a852623670 | ||
| 040 | _cAnchieta - Colégio São Paulo | ||
| 100 | _aBertoldi, Odete Gasparello | ||
| 240 | 1 | 0 |
_aCiência e sociedade _lpor |
| 245 | 1 | 0 | _aCiência e sociedade |
| 300 | _a456 | ||
| 362 | 0 | _a2001 | |
| 440 | 1 | _aScipione | |
| 650 | 4 | _aCiência da vida - Biologia | |
| 942 | _cBK | ||
| 999 |
_c73193 _d73193 |
||